<?xml version="1.0" encoding="UTF-8"?>
<record
    xmlns:xsi="http://www.w3.org/2001/XMLSchema-instance"
    xsi:schemaLocation="http://www.loc.gov/MARC21/slim http://www.loc.gov/standards/marcxml/schema/MARC21slim.xsd"
    xmlns="http://www.loc.gov/MARC21/slim">

  <leader>00442nam a22001577a 4500</leader>
  <datafield tag="999" ind1=" " ind2=" ">
    <subfield code="c">112868</subfield>
    <subfield code="d">112868</subfield>
  </datafield>
  <controlfield tag="005">20190613101514.0</controlfield>
  <controlfield tag="008">190613b           ||||| |||| 00| 0 eng d</controlfield>
  <datafield tag="040" ind1=" " ind2=" ">
    <subfield code="c">PK-LaUMT</subfield>
  </datafield>
  <datafield tag="082" ind1=" " ind2=" ">
    <subfield code="a">617</subfield>
    <subfield code="b">ABD-C</subfield>
  </datafield>
  <datafield tag="100" ind1=" " ind2=" ">
    <subfield code="a">Abdul Wahab Dogar</subfield>
  </datafield>
  <datafield tag="245" ind1=" " ind2=" ">
    <subfield code="a">A comprehensive approach to principles of systemic surgery /</subfield>
    <subfield code="c">by Abdul Wahab Dogar</subfield>
  </datafield>
  <datafield tag="250" ind1=" " ind2=" ">
    <subfield code="a">2nd ed.</subfield>
  </datafield>
  <datafield tag="260" ind1=" " ind2=" ">
    <subfield code="a">Karachi :</subfield>
    <subfield code="b">Farooq Kitab Ghar,</subfield>
    <subfield code="c">2014</subfield>
  </datafield>
  <datafield tag="300" ind1=" " ind2=" ">
    <subfield code="a">380 p.</subfield>
  </datafield>
  <datafield tag="942" ind1=" " ind2=" ">
    <subfield code="c">BK</subfield>
  </datafield>
  <datafield tag="952" ind1=" " ind2=" ">
    <subfield code="0">0</subfield>
    <subfield code="1">0</subfield>
    <subfield code="4">0</subfield>
    <subfield code="7">0</subfield>
    <subfield code="a">HSC</subfield>
    <subfield code="b">HSC</subfield>
    <subfield code="d">2019-06-13</subfield>
    <subfield code="l">16</subfield>
    <subfield code="o">617 ABD-C</subfield>
    <subfield code="p">130408</subfield>
    <subfield code="r">2025-11-27 15:27:18</subfield>
    <subfield code="s">2025-08-12</subfield>
    <subfield code="w">2019-06-13</subfield>
    <subfield code="y">BK</subfield>
  </datafield>
  <datafield tag="952" ind1=" " ind2=" ">
    <subfield code="0">0</subfield>
    <subfield code="1">0</subfield>
    <subfield code="4">0</subfield>
    <subfield code="7">0</subfield>
    <subfield code="a">HSC</subfield>
    <subfield code="b">HSC</subfield>
    <subfield code="d">2019-06-13</subfield>
    <subfield code="l">4</subfield>
    <subfield code="o">617 ABD-C</subfield>
    <subfield code="p">130409</subfield>
    <subfield code="r">2025-07-22 10:11:08</subfield>
    <subfield code="s">2025-07-12</subfield>
    <subfield code="t">C. 2</subfield>
    <subfield code="w">2019-06-13</subfield>
    <subfield code="y">BK</subfield>
  </datafield>
</record>
